[Event "Youth Classic 2019 - Youth Open U14"]
[Site "Bad Soden, Hasselgrundhalle"]
[Date "2019.10.05"]
[Round "7.24"]
[White "Tychyna, Margarita"]
[Black "Wagner, Maribel"]
[Result "1-0"]
[WhiteElo "1088"]
[BlackElo "760"]
[PlyCount "61"]
[EventDate "2019.??.??"]
[WhiteTeam "SK Bad Homburg"]
[BlackTeam "SC Bad Soden"]

1. e4 e5 2. Nf3 Nc6 3. d4 d6 4. d5 Na5 5. h3 Be7 6. Nc3 Nf6 7. Bg5 h6 8. Bh4
O-O 9. b4 Nc4 10. Bxc4 a6 11. a4 c6 12. dxc6 bxc6 13. Bxf6 Bxf6 14. O-O Rb8 15.
b5 Qa5 16. Qd3 Ra8 17. bxc6 Qd8 18. Bd5 Rb8 19. Qc4 Qe7 20. Rab1 Ra8 21. a5 Bg5
22. Na4 Qf6 23. Nb6 Be6 24. Bxe6 fxe6 25. Nd7 Qg6 26. Nxf8 Rxf8 27. Nxg5 Qxg5
28. Qxa6 Kh7 29. c7 Rf6 30. c8=Q Rg6 31. g3 1-0

[Event "Youth Classic 2019 - Youth Open U14"]
[Site "Bad Soden, Hasselgrundhalle"]
[Date "2019.10.05"]
[Round "7.26"]
[White "Sirohi, Varun"]
[Black "Galaida, Artur"]
[Result "0-1"]
[WhiteElo "894"]
[BlackElo "1210"]
[PlyCount "62"]
[EventDate "2019.??.??"]
[WhiteTeam "Schachforum Darmstadt"]
[BlackTeam "Vorw.Orient Mainz"]

1. e4 c5 2. c3 Nc6 3. d4 cxd4 4. cxd4 d6 5. Nc3 Nf6 6. Be3 g6 7. Bb5 Bd7 8.
Nge2 Ng4 9. Qc2 Nxe3 10. fxe3 Bg7 11. O-O-O O-O 12. Kb1 a6 13. Bxc6 bxc6 14.
Ng3 Qc7 15. Rd2 Rfb8 16. Rc1 Rb4 17. b3 a5 18. a3 Rxb3+ 19. Qxb3 Rb8 20. Qxb8+
Qxb8+ 21. Ka2 Qc7 22. Rb2 c5 23. dxc5 Qxc5 24. Nge2 Qxe3 25. Rcc2 a4 26. Rb7
Be6+ 27. Kb1 Bb3 28. Rc1 Bh6 29. Rxe7 Qd3+ 30. Kb2 Bxc1+ 31. Nxc1 Qc2+ 0-1

[Event "Youth Classic 2019 - Youth Open U14"]
[Site "Bad Soden, Hasselgrundhalle"]
[Date "2019.10.05"]
[Round "7.27"]
[White "Chhajed, Divyam"]
[Black "Kramer, Theodor"]
[Result "0-1"]
[WhiteElo "1112"]
[BlackElo "862"]
[PlyCount "102"]
[EventDate "2019.??.??"]
[WhiteTeam "SK Bickenbach"]
[BlackTeam "SC Bad Soden"]

1. e4 e5 2. Nf3 Nc6 3. Bc4 Bc5 4. Nc3 Nf6 5. d3 d6 6. Bg5 h6 7. Bh4 Bg4 8. Bb5
a6 9. Bxc6+ bxc6 10. h3 Bh5 11. Qd2 Bb4 12. O-O-O Qe7 13. g4 Bg6 14. Kb1 Rb8
15. Rhe1 O-O 16. d4 Rfd8 17. g5 hxg5 18. Bxg5 a5 19. Kc1 Qe6 20. Bxf6 Qxf6 21.
Re3 a4 22. a3 Ba5 23. Qd3 Bxc3 24. Qxc3 Bh5 25. Rdd3 Bxf3 26. Rxf3 Qe6 27. d5
cxd5 28. Rxd5 Rdc8 29. Rg3 c6 30. Rdd3 d5 31. Rg4 d4 32. Qd2 Qa2 33. Kd1 Rxb2
34. Rxg7+ Kxg7 35. Qg5+ Kf8 36. Qh6+ Ke7 37. Qg5+ Kd6 38. Qf6+ Kd7 39. Qf5+ Qe6
40. Qxe6+ Kxe6 41. Rg3 c5 42. h4 c4 43. h5 Rh8 44. Kc1 c3 45. Rh3 Rbb8 46. h6
Rbf8 47. h7 f5 48. Rh6+ Rf6 49. exf5+ Kxf5 50. Rh5+ Ke4 51. Rh4+ Kd5 0-1

[Event "Youth Classic 2019 - Youth Open U14"]
[Site "Bad Soden, Hasselgrundhalle"]
[Date "2019.10.05"]
[Round "7.28"]
[White "Püschel-Esparza, Mateo"]
[Black "Roos Nazario, Lukas"]
[Result "1/2-1/2"]
[WhiteElo "1085"]
[BlackElo "807"]
[PlyCount "40"]
[EventDate "2019.??.??"]
[WhiteTeam "SC Landskrone"]
[BlackTeam "TTC Grün-Weiß Fritzdorf"]

1. d4 d5 2. Bf4 Nc6 3. e3 Nf6 4. Nf3 e6 5. Bd3 Be7 6. O-O Nh5 7. Be5 Nxe5 8.
Nxe5 Nf6 9. Qf3 O-O 10. Nd2 g6 11. Qh3 Nd7 12. Ndf3 Bd6 13. Nxd7 Bxd7 14. Ne5
Bc8 15. c3 f6 16. Nf3 e5 17. Qh6 e4 18. Bc2 exf3 19. Bxg6 hxg6 20. Qxg6+ Kh8
1/2-1/2

[Event "Youth Classic 2019 - Youth Open U14"]
[Site "Bad Soden, Hasselgrundhalle"]
[Date "2019.10.05"]
[Round "7.29"]
[White "Fischer, Frederik"]
[Black "Stehning, Michel"]
[Result "0-1"]
[WhiteElo "878"]
[BlackElo "1020"]
[PlyCount "98"]
[EventDate "2019.??.??"]
[WhiteTeam "SV Oberursel"]
[BlackTeam "SF Braunfels"]

1. e4 c5 2. Nf3 Nc6 3. Bb5 e6 4. d3 d5 5. Bf4 d4 6. Ne5 Nge7 7. O-O a6 8. Nxc6
Nxc6 9. Ba4 b5 10. Bb3 e5 11. Bg3 Be7 12. Bd5 Bb7 13. Bxc6+ Bxc6 14. Bxe5 O-O
15. Nd2 Re8 16. Bg3 Qc8 17. Re1 Bd7 18. f3 h6 19. b3 b4 20. Nc4 Bd8 21. Nd6 Qc6
22. Nxe8 Bxe8 23. Rc1 Bg5 24. Ra1 Be3+ 25. Kh1 Rd8 26. Qe2 Rd6 27. Bxd6 Qxd6
28. Qf1 Qg6 29. Rxe3 dxe3 30. Qe2 Qg5 31. Re1 Qf6 32. Qxe3 Qb2 33. Qxc5 Qxa2
34. Qxb4 Qxc2 35. Re3 Qf2 36. Qe1 Qb2 37. Qd1 Bd7 38. Re2 Qa3 39. d4 Bb5 40.
Re3 Qb4 41. e5 a5 42. d5 Qf4 43. Re4 Qf5 44. e6 fxe6 45. dxe6 Be8 46. Qd8 Qf6
47. Qxe8+ Kh7 48. e7 Qa1+ 49. Re1 Qxe1# 0-1

[Event "Youth Classic 2019 - Youth Open U14"]
[Site "Bad Soden, Hasselgrundhalle"]
[Date "2019.10.05"]
[Round "7.30"]
[White "Sadri, Adrian"]
[Black "Malsy, Lotte"]
[Result "1-0"]
[WhiteElo "1243"]
[BlackElo "793"]
[PlyCount "89"]
[EventDate "2019.??.??"]
[WhiteTeam "SC Bad Soden"]
[BlackTeam "SC Bad Soden"]

1. e4 e5 2. Nf3 Nc6 3. Bc4 Bc5 4. c3 Nf6 5. d4 exd4 6. cxd4 Bb4+ 7. Bd2 Bxd2+
8. Nbxd2 d5 9. exd5 Nxd5 10. O-O Be6 11. Re1 O-O 12. Nb3 b6 13. Bd3 Ndb4 14.
Be4 Bd5 15. Bxd5 Qxd5 16. a3 Na6 17. Qd3 b5 18. a4 Nab4 19. Qd2 a6 20. Ne5 Nxe5
21. Rxe5 Qxb3 22. Ra3 Qc4 23. Rc5 Qe6 24. Qxb4 Rfe8 25. h3 Qe1+ 26. Qxe1 Rxe1+
27. Kh2 Re7 28. axb5 h6 29. bxa6 Re1 30. Rxc7 Rd1 31. Rb7 Rxd4 32. a7 Rdd8 33.
Rf3 Kf8 34. Rfxf7+ Kg8 35. Rxg7+ Kf8 36. Rbf7+ Ke8 37. Re7+ Kf8 38. Ref7+ Ke8
39. Rh7 Rdc8 40. b4 Rd8 41. b5 Rac8 42. b6 Rd2 43. b7 Rcd8 44. b8=Q R2d3 45.
Qb5+ 1-0

[Event "Youth Classic 2019 - Youth Open U14"]
[Site "Bad Soden, Hasselgrundhalle"]
[Date "2019.10.06"]
[Round "8.1"]
[White "Lorenz, Alexander"]
[Black "Klugstedt, Vincent C."]
[Result "0-1"]
[WhiteElo "1759"]
[BlackElo "1865"]
[PlyCount "80"]
[EventDate "2019.??.??"]
[WhiteTeam "SV Bergwinkel"]
[BlackTeam "SG Bochum"]

1. e4 c5 2. Nf3 Nc6 3. d4 cxd4 4. Nxd4 g6 5. Nc3 Bg7 6. Nxc6 bxc6 7. Be3 Rb8 8.
Bd4 Nf6 9. Bc4 O-O 10. O-O Qa5 11. Rb1 e6 12. a3 d5 13. b4 Qc7 14. Bd3 Ng4 15.
Qxg4 Bxd4 16. Ne2 f5 17. exf5 e5 18. Nxd4 exd4 19. Qxd4 Bxf5 20. c4 Rbd8 21.
Rbc1 Bxd3 22. Qxd3 d4 23. c5 Rd7 24. Rc4 Qf4 25. f3 Re8 26. Rd1 Re3 27. Qd2 Qe5
28. Kf2 Re7 29. Kg1 Re2 30. Qd3 Re1+ 31. Kf2 Qe2+ 32. Kg3 Rxd1 33. Qb3 Rd3 34.
Rc3+ Re6 35. Rxd3 Qe5+ 36. f4 Qe1+ 37. Kh3 Kg7 38. Qc4 Re3+ 39. Rxe3 Qxe3+ 40.
Kg4 h5+ 0-1

[Event "Youth Classic 2019 - Youth Open U14"]
[Site "Bad Soden, Hasselgrundhalle"]
[Date "2019.10.06"]
[Round "8.2"]
[White "Müller, Maurice-Pascal"]
[Black "Eull, Emil"]
[Result "0-1"]
[WhiteElo "1683"]
[BlackElo "1504"]
[PlyCount "118"]
[EventDate "2019.??.??"]
[WhiteTeam "SC Landskrone"]
[BlackTeam "SF Neuberg"]

1. e4 c5 2. Nf3 Nc6 3. d4 cxd4 4. Nxd4 Nf6 5. Nc3 e5 6. Ndb5 d6 7. Bg5 a6 8.
Na3 b5 9. Nd5 Be7 10. Bxf6 Bxf6 11. c3 Bg5 12. Nc2 O-O 13. a4 bxa4 14. Rxa4 a5
15. b4 Be6 16. Bc4 axb4 17. Ncxb4 Rxa4 18. Qxa4 Qa5 19. Bb5 Qxa4 20. Bxa4 Nxb4
21. cxb4 Bxd5 22. exd5 Ra8 23. Bd1 Rb8 24. h4 Bd8 25. g3 Rxb4 26. O-O Rb5 27.
Bf3 f5 28. Rc1 Kf7 29. Ra1 Bb6 30. Be2 Rb2 31. Kf1 Bd4 32. Rc1 Bc5 33. f3 Kf6
34. h5 e4 35. f4 g5 36. hxg6 hxg6 37. Ke1 Rb3 38. g4 Be3 39. g5+ Ke7 40. Rc7+
Kd8 41. Rg7 Bxf4 42. Rxg6 Rg3 43. Rg8+ Ke7 44. g6 Kf6 45. Bh5 Ke5 46. Rf8 Rg5
47. Rh8 Kxd5 48. Rh7 Be5 49. Kf2 f4 50. Bd1 Rxg6 51. Rh5 Kd4 52. Bb3 e3+ 53.
Kf1 Kd3 54. Bd1 Rg7 55. Be2+ Ke4 56. Rh8 Ra7 57. Rb8 f3 58. Rb4+ Bd4 59. Bd1
Ra1 0-1

[Event "Youth Classic 2019 - Youth Open U14"]
[Site "Bad Soden, Hasselgrundhalle"]
[Date "2019.10.06"]
[Round "8.3"]
[White "Markosyan, Aleksandr"]
[Black "Lehmann, Nils"]
[Result "1/2-1/2"]
[WhiteElo "1759"]
[BlackElo "1629"]
[PlyCount "97"]
[EventDate "2019.??.??"]
[WhiteTeam "SG Idstein"]
[BlackTeam "SV Lahn Limburg"]

1. e4 g6 2. d4 Bg7 3. Nf3 d6 4. Nc3 a6 5. Bc4 b5 6. Bb3 Nf6 7. a3 O-O 8. O-O
Bb7 9. Re1 Re8 10. Bf4 Nbd7 11. Qd2 e5 12. dxe5 dxe5 13. Bg3 Qe7 14. Rad1 Red8
15. Nd5 Nxd5 16. exd5 Qd6 17. Qe2 Re8 18. c4 bxc4 19. Bxc4 Nb6 20. Qd3 Qc5 21.
Ba2 Rad8 22. Nxe5 Bxd5 23. b4 Qb5 24. Qxb5 axb5 25. Bxd5 Rxd5 26. Nc6 Rxd1 27.
Rxd1 Nc4 28. Bxc7 Nxa3 29. Kf1 Bf8 30. Ba5 Rc8 31. Ne5 Bg7 32. Rd5 Nc2 33. Ke2
Bxe5 34. Rxe5 Rc4 35. Rxb5 f5 36. Rc5 Re4+ 37. Kd2 Nxb4 38. f3 Rh4 39. Rc8+ Kf7
40. h3 Nd5 41. Ra8 Rd4+ 42. Ke2 Nf6 43. Bc3 Rd7 44. Ra6 Nd5 45. Bb2 Nf4+ 46.
Kf1 Rd1+ 47. Kf2 Nd3+ 48. Ke2 Nxb2 49. Ra2 1/2-1/2

[Event "Youth Classic 2019 - Youth Open U14"]
[Site "Bad Soden, Hasselgrundhalle"]
[Date "2019.10.06"]
[Round "8.5"]
[White "Gold, Jan Christian"]
[Black "Schmid, Leon"]
[Result "0-1"]
[WhiteElo "1430"]
[BlackElo "1546"]
[PlyCount "38"]
[EventDate "2019.??.??"]
[WhiteTeam "Hamburger SK"]
[BlackTeam "SF Heidesheim"]

1. d4 Nf6 2. c4 g6 3. Nc3 Bg7 4. e4 d6 5. Nf3 O-O 6. Bd3 e5 7. dxe5 dxe5 8. Bg5
Nc6 9. O-O Be6 10. Qb3 Qxd3 11. Qxb7 Qxc4 12. Rac1 Na5 13. Qb5 Qxb5 14. Nxb5
Bc4 15. Rxc4 Nxc4 16. b3 Nd6 17. Bxf6 Bxf6 18. Nxc7 Rac8 19. Nd5 Nxe4 0-1

[Event "Youth Classic 2019 - Youth Open U14"]
[Site "Bad Soden, Hasselgrundhalle"]
[Date "2019.10.06"]
[Round "8.6"]
[White "Welker, Alexandra"]
[Black "Riemann, Adrian"]
[Result "1-0"]
[WhiteElo "1441"]
[BlackElo "1105"]
[PlyCount "59"]
[EventDate "2019.??.??"]
[WhiteTeam "TuS Makkabi"]
[BlackTeam "SK Bickenbach"]

1. e4 e6 2. d4 d5 3. exd5 exd5 4. Bd3 Bd6 5. Ne2 Be6 6. Bf4 Ne7 7. Bxd6 Qxd6 8.
c3 Nd7 9. Ng3 Nb6 10. Nd2 Nc4 11. Qc2 g6 12. O-O O-O-O 13. b3 Na3 14. Qb2 Nc6
15. Nb1 Nxb1 16. Raxb1 Na5 17. f4 f5 18. Ne2 h5 19. Rf3 h4 20. Re1 Rdg8 21. Qd2
Rh5 22. g3 g5 23. fxg5 Rgxg5 24. Nf4 Rh6 25. Nxe6 Rxe6 26. Rxe6 Qxe6 27. Qxg5
Qe1+ 28. Rf1 Qxc3 29. Bxf5+ Kb8 30. Qg8# 1-0

[Event "Youth Classic 2019 - Youth Open U14"]
[Site "Bad Soden, Hasselgrundhalle"]
[Date "2019.10.06"]
[Round "8.7"]
[White "Burkart, Lloyd Shang"]
[Black "Alt, Johannes"]
[Result "1-0"]
[WhiteElo "1399"]
[BlackElo "1200"]
[PlyCount "33"]
[EventDate "2019.??.??"]
[WhiteTeam "TuS Makkabi"]
[BlackTeam "SF Heidesheim"]

1. d4 Nf6 2. c4 g6 3. Nc3 Bg7 4. Nf3 O-O 5. Bf4 d6 6. e3 Nbd7 7. Be2 b6 8. O-O
Bb7 9. h3 Nh5 10. Bh2 f5 11. Ng5 e5 12. Ne6 Qf6 13. Nxf8 Rxf8 14. Bxh5 gxh5 15.
dxe5 Nxe5 16. Qe2 Qg5 17. f4 1-0

[Event "Youth Classic 2019 - Youth Open U14"]
[Site "Bad Soden, Hasselgrundhalle"]
[Date "2019.10.06"]
[Round "8.8"]
[White "Middendorf, Sven-Jonas"]
[Black "Dittenberger, Nico"]
[Result "1/2-1/2"]
[WhiteElo "1382"]
[BlackElo "1295"]
[PlyCount "50"]
[EventDate "2019.??.??"]
[WhiteTeam "SV Hellas Nauen"]
[BlackTeam "SC Landskrone"]

1. e4 e5 2. Nf3 Nc6 3. Bb5 Bc5 4. O-O d6 5. h3 Nf6 6. Re1 Bd7 7. c3 a6 8. Ba4
O-O 9. d4 exd4 10. cxd4 Bb4 11. Bd2 Bxd2 12. Qxd2 Re8 13. Bc2 h6 14. a3 Re7 15.
Qd3 g6 16. Qe3 Qf8 17. e5 Nd5 18. Qd2 Rae8 19. exd6 Rxe1+ 20. Nxe1 Qxd6 21. Nc3
Nf4 22. Nd3 Bf5 23. Qxf4 Qxf4 24. Nxf4 Bxc2 25. Ncd5 Rd8 1/2-1/2

[Event "Youth Classic 2019 - Youth Open U14"]
[Site "Bad Soden, Hasselgrundhalle"]
[Date "2019.10.06"]
[Round "8.9"]
[White "Atar, Efecan"]
[Black "Negru, Maximilian"]
[Result "1-0"]
[WhiteElo "1417"]
[BlackElo "1326"]
[PlyCount "111"]
[EventDate "2019.??.??"]
[WhiteTeam "SK Kerpen"]
[BlackTeam "SK Bad Homburg"]

1. d4 d5 2. c4 e6 3. Nc3 Nf6 4. cxd5 exd5 5. Bg5 Bb4 6. Nf3 Bxc3+ 7. bxc3 Nc6
8. e3 Bg4 9. Be2 Qd6 10. Qb3 Ne4 11. Bf4 Qd7 12. Qxb7 Rc8 13. Bb5 Nd6 14. Bxc6
Nxb7 15. Bxd7+ Kxd7 16. Ne5+ Ke6 17. Nxg4 h5 18. Ne5 f6 19. Nc6 g5 20. Nxa7 Ra8
21. Nb5 Ra5 22. Rb1 gxf4 23. Nxc7+ Kd7 24. Nxd5 Rxa2 25. Nxf4 Na5 26. O-O h4
27. Ra1 Rxa1 28. Rxa1 Nb3 29. Ra7+ Kd6 30. Ra6+ Kd7 31. Rxf6 Ra8 32. g3 Nd2 33.
Kg2 Rh8 34. Ng6 Rg8 35. Ne5+ Ke7 36. Rg6 Rh8 37. Rg7+ Kf6 38. Rf7+ Ke6 39. Re7+
Kxe7 40. Ng6+ Kf6 41. Nxh8 hxg3 42. hxg3 Kg7 43. d5 Nc4 44. Kf3 Kxh8 45. Ke4
Kg7 46. Kd4 Nd6 47. Ke5 Nc4+ 48. Ke6 Kf8 49. g4 Nb6 50. d6 Ke8 51. g5 Nd7 52.
c4 Nf8+ 53. Kd5 Kd7 54. c5 Ng6 55. f4 Nxf4+ 56. exf4 1-0

[Event "Youth Classic 2019 - Youth Open U14"]
[Site "Bad Soden, Hasselgrundhalle"]
[Date "2019.10.06"]
[Round "8.10"]
[White "Weyerer, Noah"]
[Black "Akhmatovski, Maxim"]
[Result "1-0"]
[WhiteElo "1362"]
[BlackElo "1359"]
[PlyCount "81"]
[EventDate "2019.??.??"]
[WhiteTeam "SV Oberursel"]
[BlackTeam "SV Oberursel"]

1. d4 d5 2. Bf4 c5 3. e3 Nc6 4. c3 Nf6 5. Bd3 e6 6. Nf3 Bd6 7. Bg3 Bxg3 8. hxg3
b6 9. Bb5 Bd7 10. Qe2 Qc7 11. Nbd2 Na5 12. Bd3 h6 13. Ne5 Nc6 14. Ndf3 Ne4 15.
Nxc6 Bxc6 16. Bxe4 dxe4 17. Ne5 cxd4 18. cxd4 Rc8 19. Rc1 Qb7 20. Rxc6 Rxc6 21.
Qb5 O-O 22. Qxc6 Qa6 23. Qc4 Qb7 24. O-O Rc8 25. Qa4 b5 26. Qb3 a5 27. a3 h5
28. Rd1 a4 29. Qb4 Kh7 30. Qd6 Rc2 31. Qd7 Rc7 32. Qd8 f6 33. Qe8 fxe5 34.
Qxh5+ Kg8 35. Qxe5 Re7 36. Rc1 b4 37. axb4 Qxb4 38. Rc8+ Kf7 39. Qh5+ g6 40.
Qh7+ Kf6 41. Rf8+ 1-0

[Event "Youth Classic 2019 - Youth Open U14"]
[Site "Bad Soden, Hasselgrundhalle"]
[Date "2019.10.06"]
[Round "8.11"]
[White "Nedilko, Marko"]
[Black "Stiehl, Richard"]
[Result "1-0"]
[WhiteElo "1407"]
[BlackElo "1243"]
[PlyCount "31"]
[EventDate "2019.??.??"]
[WhiteTeam "SC ML Kastellaun"]
[BlackTeam "SV Multatuli Ingelheim e.V."]

1. e4 e5 2. Nf3 Nc6 3. Bc4 Bc5 4. c3 Nf6 5. d4 exd4 6. cxd4 Bb4+ 7. Nc3 Nxe4 8.
O-O Nxc3 9. bxc3 Bxc3 10. Ba3 Bxa1 11. Re1+ Ne7 12. Bxe7 Qxe7 13. Rxe7+ Kxe7
14. Qxa1 Re8 15. Ng5 f6 16. Qe1+ 1-0

[Event "Youth Classic 2019 - Youth Open U14"]
[Site "Bad Soden, Hasselgrundhalle"]
[Date "2019.10.06"]
[Round "8.12"]
[White "Miranda Martin, Pablo Mateo"]
[Black "Melchior, Christopher"]
[Result "1-0"]
[WhiteElo "1606"]
[BlackElo "1229"]
[PlyCount "120"]
[EventDate "2019.??.??"]
[WhiteTeam "SK Gau-Algesheim"]
[BlackTeam "SK Gernsheim"]

1. d4 d5 2. c4 c6 3. Nc3 Nf6 4. Nf3 Bg4 5. h3 Bh5 6. Bf4 e6 7. e3 Bb4 8. Be2
dxc4 9. Bxc4 b5 10. Be2 Nd5 11. O-O Nxc3 12. bxc3 Bxc3 13. Rc1 Bb4 14. Ne5 Bxe2
15. Qxe2 Bd6 16. Nxc6 Nxc6 17. Qxb5 Bxf4 18. Qxc6+ Ke7 19. exf4 Qxd4 20. Rfd1
Qxf4 21. Qc7+ Qxc7 22. Rxc7+ Kf6 23. Rdd7 Rhf8 24. a4 a5 25. Kh2 Rac8 26. Ra7
Ra8 27. Kg3 h6 28. Kf3 g5 29. g4 Kg6 30. Ke3 Rfc8 31. Rxf7 Rc3+ 32. Kd4 Rxa7
33. Rxa7 Rxh3 34. Ke4 Rh4 35. Kf3 Rh3+ 36. Kg2 Rh4 37. f3 h5 38. gxh5+ Rxh5 39.
Rxa5 Rh4 40. Kg3 Rf4 41. Ra8 Rb4 42. Ra7 Rb3 43. a5 Ra3 44. a6 e5 45. Kf2 Ra2+
46. Ke3 Ra3+ 47. Ke4 Kf6 48. Ra8 Kf7 49. a7 Ra4+ 50. Kxe5 Ra5+ 51. Kd6 Ra3 52.
Kc5 Ke7 53. Kd4 Kd7 54. Rg8 Ra4+ 55. Ke3 Ra3+ 56. Kf2 Ra2+ 57. Kg3 Ke6 58. a8=Q
Rxa8 59. Rxa8 Kf5 60. Ra5+ Kf6 1-0

[Event "Youth Classic 2019 - Youth Open U14"]
[Site "Bad Soden, Hasselgrundhalle"]
[Date "2019.10.06"]
[Round "8.13"]
[White "Haller, Christian"]
[Black "Kosak, Karolina"]
[Result "1/2-1/2"]
[WhiteElo "1325"]
[BlackElo "1207"]
[PlyCount "107"]
[EventDate "2019.??.??"]
[WhiteTeam "SC Bad Soden"]
[BlackTeam "SV Frankfurt Nord"]

1. e4 e5 2. Nf3 Nc6 3. Bc4 Bc5 4. O-O Nf6 5. d4 Bxd4 6. Nxd4 Nxd4 7. f4 d6 8.
f5 b6 9. c3 Nc6 10. Bg5 h6 11. Bxf6 Qxf6 12. Qd5 Bb7 13. Ba6 Bxa6 14. Qxc6+ Ke7
15. Qxc7+ Ke8 16. Rd1 Qd8 17. Qxd6 Qxd6 18. Rxd6 Rd8 19. Rxd8+ Kxd8 20. Nd2 Kc7
21. Nf3 f6 22. Kf2 Rd8 23. Kg3 Bb7 24. Re1 Rd7 25. Kg4 Kd8 26. Kh5 Ke8 27. Kg6
Kf8 28. g4 Kg8 29. Re3 Ba6 30. Kh5 Bc4 31. a3 Rd3 32. Rxd3 Bxd3 33. Nd2 Bb5 34.
Kh4 Kf7 35. c4 Ba4 36. b3 Be8 37. b4 Ke7 38. Kg3 Kd6 39. Nf1 Ba4 40. Ne3 a6 41.
h4 Bc6 42. Nd5 b5 43. c5+ Kd7 44. g5 Bxd5 45. exd5 h5 46. gxf6 gxf6 47. Kf3 Kc7
48. c6 Kd6 49. Ke4 Ke7 50. Kd3 Kd6 51. Kc3 Kc7 52. Kb3 Kd6 53. a4 Kc7 54. a5
1/2-1/2

[Event "Youth Classic 2019 - Youth Open U14"]
[Site "Bad Soden, Hasselgrundhalle"]
[Date "2019.10.06"]
[Round "8.14"]
[White "Kanno, Clara Yumi"]
[Black "Papadopoulos, Leon"]
[Result "1-0"]
[WhiteElo "1142"]
[BlackElo "1388"]
[PlyCount "59"]
[EventDate "2019.??.??"]
[WhiteTeam "SK Altenkirchen"]
[BlackTeam "SV Oberursel"]

1. e4 e5 2. Nf3 Nc6 3. Bc4 Bc5 4. c3 Nf6 5. d3 d6 6. Bg5 h6 7. Bh4 g5 8. Bg3
Bg4 9. h3 Bd7 10. Nbd2 Bb6 11. O-O Rg8 12. b4 a6 13. a4 h5 14. a5 Ba7 15. Qb3
Qe7 16. Rfb1 g4 17. hxg4 hxg4 18. Nh2 Nh5 19. Ndf1 Nxg3 20. Nxg3 Rh8 21. Nhf1
Qh4 22. Bxf7+ Ke7 23. d4 Rh7 24. Bg6 Be6 25. Qd1 Rh6 26. Bf5 Bxf5 27. Nxf5+ Kd7
28. Nxh4 Rxh4 29. g3 Rh3 30. Qxg4+ 1-0

[Event "Youth Classic 2019 - Youth Open U14"]
[Site "Bad Soden, Hasselgrundhalle"]
[Date "2019.10.06"]
[Round "8.16"]
[White "Vick, Edward"]
[Black "Tychyna, Margarita"]
[Result "1-0"]
[WhiteElo "1242"]
[BlackElo "1088"]
[PlyCount "97"]
[EventDate "2019.??.??"]
[WhiteTeam "TuS Makkabi Wiesbaden"]
[BlackTeam "SK Bad Homburg"]

1. e4 e5 2. Nf3 Nc6 3. d4 exd4 4. Bc4 Bc5 5. Ng5 Nh6 6. Bxf7+ Nxf7 7. Nxf7 Kxf7
8. Qh5+ g6 9. Qxc5 d6 10. Qc4+ Be6 11. Qd3 Rf8 12. c3 d5 13. exd5 Qxd5 14. f3
Bf5 15. Qd2 Rfe8+ 16. Kf1 Qc4+ 17. Kf2 Re7 18. cxd4 Nxd4 19. Nc3 Rae8 20. Kg3
Ne2+ 21. Nxe2 Rxe2 22. Qc3 Qd5 23. Qxc7+ R8e7 24. Qc3 Qd6+ 25. Bf4 Qb6 26. Qc4+
Kf8 27. Rhf1 Qxb2 28. Bh6+ Ke8 29. Qg8+ Kd7 30. Qd5+ Ke8 31. Qg8+ Kd7 32. Qd5+
Ke8 33. Qg8+ Kd7 34. Rfd1+ Kc6 35. Rac1+ Rc2 36. Rxc2+ Qxc2 37. Rc1 Re2 38.
Rxc2+ Rxc2 39. Qb3 b5 40. a4 a6 41. axb5+ axb5 42. Bf8 Re2 43. Qc3+ Kb6 44.
Bc5+ Ka6 45. Qa3+ Kb7 46. Qa7+ Kc6 47. Qb6+ Kd7 48. Qxb5+ Kc7 49. Qxe2 1-0

[Event "Youth Classic 2019 - Youth Open U14"]
[Site "Bad Soden, Hasselgrundhalle"]
[Date "2019.10.06"]
[Round "8.17"]
[White "Bernig Le Duigou, Vincent"]
[Black "Trenz, Finn"]
[Result "1/2-1/2"]
[WhiteElo "1222"]
[BlackElo "1471"]
[PlyCount "72"]
[EventDate "2019.??.??"]
[WhiteTeam "SV Oberursel"]
[BlackTeam "SK Gau-Algesheim"]

1. e4 e5 2. Nf3 Nc6 3. Bc4 Bc5 4. c3 Nf6 5. d3 d6 6. b4 Bb6 7. a4 a5 8. b5 Ne7
9. Bg5 Ng6 10. O-O O-O 11. h3 Be6 12. Bxe6 fxe6 13. Re1 Qd7 14. Nbd2 Rae8 15.
Nc4 Bc5 16. Nxa5 b6 17. Nb3 d5 18. Nxc5 bxc5 19. c4 dxe4 20. dxe4 Qxd1 21.
Raxd1 Ra8 22. Ra1 Rfd8 23. Bxf6 gxf6 24. Re3 Nf4 25. Ne1 Rd4 26. f3 Rxc4 27.
Rea3 Ra5 28. Kf2 Kf7 29. R1a2 Rd4 30. Ke3 Ke7 31. h4 h5 32. g3 Ng6 33. Nc2 Rd6
34. Rd3 Rxd3+ 35. Kxd3 Kd6 36. Ne3 Kd7 1/2-1/2

[Event "Youth Classic 2019 - Youth Open U14"]
[Site "Bad Soden, Hasselgrundhalle"]
[Date "2019.10.06"]
[Round "8.18"]
[White "Fischer, Juliane"]
[Black "Li, Toplink"]
[Result "1-0"]
[WhiteElo "1405"]
[BlackElo "987"]
[PlyCount "167"]
[EventDate "2019.??.??"]
[WhiteTeam "SK Gernsheim"]
[BlackTeam "Frankfurter TV"]

1. e4 e5 2. Nf3 Nc6 3. Nc3 Nf6 4. a3 Bc5 5. Nxe5 Qe7 6. Nxc6 dxc6 7. d3 Ng4 8.
d4 Qf6 9. Be3 Bb6 10. Qd2 O-O 11. O-O-O Rd8 12. Bg5 Qd6 13. Bxd8 Qxd8 14. f3
Nh6 15. Bc4 Qe7 16. d5 c5 17. d6 cxd6 18. Qxd6 Qg5+ 19. Kb1 g6 20. Qd2 Qxd2 21.
Rxd2 Kg7 22. Rhd1 Bc7 23. h3 Ng8 24. Nb5 Bf4 25. Re2 a6 26. Nc3 b5 27. Bd5 Ra7
28. Ka2 Nf6 29. Nb1 Rc7 30. Nd2 Rd7 31. Nf1 Bb7 32. Ne3 Bxe3 33. Rxe3 Nxd5 34.
exd5 Bxd5+ 35. Kb1 c4 36. Re5 Rc7 37. Rdxd5 f6 38. Rc5 Rd7 39. Red5 Re7 40. Rd2
Rb7 41. Rcd5 Kh6 42. Rd6 Rc7 43. Re2 c3 44. b3 f5 45. Rxa6 Rb7 46. Ree6 b4 47.
a4 Rd7 48. Re2 Kg7 49. Rb6 Rd4 50. a5 Rd1+ 51. Ka2 Rd7 52. Rxb4 Ra7 53. Ra4 Rd7
54. a6 Ra7 55. Re3 Kf6 56. Rxc3 Ke5 57. Rc5+ Kd6 58. Rb5 Kc6 59. Rb7 Ra8 60.
Rbb4 Ra7 61. Rc4+ Kb5 62. Rab4+ Ka5 63. Ka3 Kxa6 64. Ra4+ Kb6 65. Rxa7 Kxa7 66.
Rb4 Ka6 67. Kb2 Ka5 68. Kc3 Ka6 69. Kc4 Ka5 70. Kc5 Ka6 71. c4 h6 72. Rb6+ Ka5
73. b4+ Ka4 74. Kd4 Kb3 75. Rxg6 h5 76. b5 Kc2 77. Re6 f4 78. Re2+ Kb3 79. b6
h4 80. b7 Ka4 81. Rb2 Ka3 82. Rb6 Ka4 83. b8=Q Ka5 84. Qa7# 1-0

[Event "Youth Classic 2019 - Youth Open U14"]
[Site "Bad Soden, Hasselgrundhalle"]
[Date "2019.10.06"]
[Round "8.19"]
[White "Galaida, Artur"]
[Black "Özyar, Arin"]
[Result "1-0"]
[WhiteElo "1210"]
[BlackElo "1345"]
[PlyCount "81"]
[EventDate "2019.??.??"]
[WhiteTeam "Vorw.Orient Mainz"]
[BlackTeam "SC Bad Soden"]

1. e4 e5 2. Nf3 Nc6 3. Bb5 Nf6 4. O-O Be7 5. Re1 d6 6. h3 Bd7 7. Ba4 O-O 8. c3
Re8 9. d4 h6 10. Bc2 exd4 11. cxd4 d5 12. e5 Nh7 13. Bb3 Be6 14. Nc3 Bb4 15.
Re3 f6 16. exf6 Nxf6 17. Qe2 Qd7 18. Bd2 Bf7 19. Re1 Rxe3 20. fxe3 Re8 21. Qd3
Ne4 22. Qc2 Nxd2 23. Qxd2 Rd8 24. a3 Ba5 25. Ba2 Ne7 26. b4 Bb6 27. Ne5 Qe6 28.
Nxf7 Qxf7 29. Rf1 Qg6 30. Bb1 Qg5 31. Qf2 Qh5 32. Qc2 g6 33. Qf2 Nf5 34. g4 Qg5
35. Kh2 Ng7 36. Qf7+ Kh7 37. Rf6 Rd6 38. Bxg6+ Qxg6 39. Rxg6 Rxg6 40. Nxd5 h5
41. Nf4 $138 1-0

[Event "Youth Classic 2019 - Youth Open U14"]
[Site "Bad Soden, Hasselgrundhalle"]
[Date "2019.10.06"]
[Round "8.20"]
[White "Stehning, Michel"]
[Black "Barthel, Jacob"]
[Result "0-1"]
[WhiteElo "1020"]
[BlackElo "1160"]
[PlyCount "74"]
[EventDate "2019.??.??"]
[WhiteTeam "SF Braunfels"]
[BlackTeam "SV Hellas Nauen"]

1. e4 e5 2. Nf3 Nc6 3. Bc4 Bc5 4. c3 Nf6 5. d4 exd4 6. e5 Ne4 7. O-O dxc3 8.
bxc3 O-O 9. Nbd2 Nxd2 10. Bxd2 d6 11. exd6 Qxd6 12. Re1 Bg4 13. Re4 Bxf3 14.
Qxf3 Qxd2 15. Rd1 Qc2 16. Rf1 Na5 17. Bd3 Qxa2 18. Qh3 h6 19. Rh4 Qe6 20. Qg3
Bd6 21. Qf3 Rad8 22. Bf5 Qe7 23. Re4 Qf6 24. Rfe1 Nb3 25. R4e3 Qh4 26. g3 Qg5
27. Qe4 Nd2 28. Qd3 Bc5 29. Qc2 Bxe3 30. Rxe3 g6 31. Bd3 c5 32. c4 Rxd3 33. h4
Qf6 34. Rxd3 Nf3+ 35. Kf1 Re8 36. Rd1 Qe6 37. Qc3 Qh3# 0-1